[Event "CHN-ch sf (Women)"]
[Site "Hefei"]
[Date "2023.04.25"]
[Round "5"]
[White "Zhao, Xinghan"]
[Black "Liu, Manli"]
[Result "1/2-1/2"]
[WhiteElo "1431"]
[BlackElo "2137"]
[PlyCount "48"]
[EventDate "2023.04.23"]
[EventType "swiss"]
[EventRounds "11"]
[EventCountry "CHN"]
[SourceTitle "CBM 214 Extra"]
[Source "ChessBase"]
[SourceDate "2023.07.31"]
[SourceVersion "1"]
[SourceVersionDate "2023.07.31"]
[SourceQuality "1"]

1. e4 c5 2. Nf3 e6 3. d4 cxd4 4. Nxd4 Nc6 5. Nb5 d6 6. c4 a6 7. N5a3 Nf6 8. Nc3 Be7 9. Be2 0-0 10. 0-0 b6 11. Be3 Bb7 12. Qb3 Nd7 13. Rfd1 Qc7 14. Qc2 Nc5 15. Rab1 Nb4 16. Qd2 Rfd8 17. f3 d5 18. exd5 exd5 19. Ncb5 axb5 20. Nxb5 Qe5 21. Bd4 Qg5 22. Be3 Qe5 23. Bd4 Qg5 24. Be3 Qe5 1/2-1/2

[Event "CHN-ch sf (Women)"]
[Site "Hefei"]
[Date "2023.04.24"]
[Round "4"]
[White "Liu, Manli"]
[Black "Ding, Shirui"]
[Result "1-0"]
[WhiteElo "2137"]
[BlackElo "1491"]
[PlyCount "131"]
[EventDate "2023.04.23"]
[EventType "swiss"]
[EventRounds "11"]
[EventCountry "CHN"]
[SourceTitle "CBM 214 Extra"]
[Source "ChessBase"]
[SourceDate "2023.07.31"]
[SourceVersion "1"]
[SourceVersionDate "2023.07.31"]
[SourceQuality "1"]

1. e4 d5 2. exd5 Nf6 3. d4 Qxd5 4. Nc3 Qd6 5. Nf3 c6 6. g3 Bf5 7. Qe2 e6 8. Bg2 Qc7 9. a3 Be7 10. 0-0 h6 11. b3 Nbd7 12. Re1 0-0 13. Bb2 Rfd8 14. Nd1 Rab8 15. Nh4 Bh7 16. f4 Nd5 17. c4 Nxf4 18. gxf4 Bxh4 19. Rf1 Bf6 20. Ne3 Qb6 21. b4 Bxd4 22. c5 Nxc5 23. Bxd4 Rxd4 24. bxc5 Qxc5 25. Qf2 Rbd8 26. Rac1 Qxa3 27. Nc2 Bxc2 28. Rxc2 a5 29. Rb2 Qe7 30. Qe3 a4 31. f5 Rd1 32. fxe6 Rxf1+ 33. Bxf1 fxe6 34. Qa7 Rd7 35. Qa8+ Kh7 36. Qxa4 Qc5+ 37. Kh1 Rd4 38. Qb3 Qf5 39. Rb1 b5 40. Bg2 Rc4 41. Rf1 Qg5 42. Qd3+ Qg6 43. Qe3 c5 44. Re1 Qf6 45. Bf1 Rc3 46. Qe4+ Qf5 47. Bxb5 Rf3 48. Bc6 Rf4 49. Qe2 Kh8 50. Bg2 c4 51. Qd2 e5 52. Qd8+ Kh7 53. Qd5 Kh8 54. Qa8+ Qf8 55. Qc6 Qf6 56. Qc5 Qf5 57. h3 Rd4 58. Qc6 Rf4 59. Qa8+ Qf8 60. Qd5 c3 61. Qc6 Qb4 62. Rxe5 Rf6 63. Re8+ Rf8 64. Qa8 Rxe8 65. Qxe8+ Kh7 66. Be4+ 1-0

[Event "CHN-ch sf (Women)"]
[Site "Hefei"]
[Date "2023.04.23"]
[Round "1"]
[White "Rong, Yu"]
[Black "Liu, Manli"]
[Result "0-1"]
[WhiteElo "1145"]
[BlackElo "2137"]
[PlyCount "72"]
[EventDate "2023.04.23"]
[EventType "swiss"]
[EventRounds "11"]
[EventCountry "CHN"]
[SourceTitle "CBM 214 Extra"]
[Source "ChessBase"]
[SourceDate "2023.07.31"]
[SourceVersion "1"]
[SourceVersionDate "2023.07.31"]
[SourceQuality "1"]

1. e4 c5 2. Nc3 Nc6 3. g3 g6 4. Bg2 Bg7 5. d3 e6 6. Be3 d6 7. Qd2 Rb8 8. Nge2 Nd4 9. Nd1 Nxe2 10. Qxe2 b5 11. 0-0 Ne7 12. f4 0-0 13. e5 Qc7 14. exd6 Qxd6 15. Qf2 Bd4 16. c3 Bxe3 17. Qxe3 b4 18. Nf2 f5 19. Rfe1 Bd7 20. Rac1 Rfc8 21. Rc2 bxc3 22. b3 Nd5 23. Bxd5 exd5 24. Qe7 Qc6 25. Re5 d4 26. Qg5 Re8 27. g4 Qf3 28. h4 Rxe5 29. fxe5 Re8 30. h5 Qg3+ 31. Kf1 Bc6 32. hxg6 Bg2+ 33. Ke1 Rxe5+ 34. Re2 Rxe2+ 35. Kxe2 Bf3+ 36. Ke1 Qg1# 0-1

[Event "CHN-chT (Women)"]
[Site "Nanjing"]
[Date "2023.02.14"]
[Round "1.1"]
[White "Liu, Manli"]
[Black "Lu, Miaoyi"]
[Result "1-0"]
[WhiteElo "2192"]
[BlackElo "2362"]
[PlyCount "93"]
[EventDate "2023.02.14"]
[EventType "team-swiss"]
[EventRounds "9"]
[EventCountry "CHN"]
[SourceTitle "CBM 212 Extra"]
[Source "ChessBase"]
[SourceDate "2023.03.31"]
[SourceVersion "1"]
[SourceVersionDate "2023.03.31"]
[SourceQuality "1"]
[WhiteTeam "Guangdong (W)"]
[BlackTeam "Hangzhou (W)"]
[WhiteTeamCountry "CHN"]
[BlackTeamCountry "CHN"]

1. e4 c5 2. Nf3 e6 3. d4 cxd4 4. Nxd4 Nf6 5. Nc3 Nc6 6. Ndb5 Bc5 7. Bf4 0-0 8. Bc7 Qe7 9. Bd6 Bxd6 10. Qxd6 Qd8 11. Be2 a6 12. Nc7 Ra7 13. e5 Nxe5 14. Qxe5 b6 15. N7b5 axb5 16. Nxb5 Ra5 17. 0-0 Bb7 18. f3 Qa8 19. Qd4 Bc6 20. a4 e5 21. Qh4 Nd5 22. Bd3 g6 23. b3 Bxb5 24. Bxb5 Ne3 25. Rfc1 Nxc2 26. Rxc2 Rxb5 27. Rb1 Rd5 28. Rbc1 Rd4 29. Qf6 Qd5 30. h3 Rd1+ 31. Kh2 Rxc1 32. Rxc1 Qxb3 33. Qxe5 Qxa4 34. Rc7 Rd8 35. Qd6 b5 36. Rb7 Qc4 37. Qf6 Ra8 38. Rxd7 b4 39. Rb7 b3 40. Qe5 Rc8 41. Qe3 Ra8 42. Kg3 h5 43. h4 Ra4 44. Qe8+ Kg7 45. Qe5+ Kh7 46. Qf6 Kh6 47. Qh8# 1-0

[Event "CHN-chB (Women)"]
[Site "Qiziwan"]
[Date "2023.02.04"]
[Round "11"]
[White "Liu, Manli"]
[Black "Bai, Xue"]
[Result "1/2-1/2"]
[WhiteElo "2192"]
[BlackElo "2102"]
[PlyCount "105"]
[EventDate "2023.01.30"]
[EventType "swiss"]
[EventRounds "11"]
[EventCountry "CHN"]
[SourceTitle "CBM 212 Extra"]
[Source "ChessBase"]
[SourceDate "2023.03.31"]
[SourceVersion "1"]
[SourceVersionDate "2023.03.31"]
[SourceQuality "1"]

1. e4 e5 2. Nf3 Nc6 3. Bb5 a6 4. Ba4 Nf6 5. 0-0 Be7 6. Re1 b5 7. Bb3 d6 8. a4 Bb7 9. d3 0-0 10. Nbd2 Na5 11. Ba2 c5 12. c3 Qc7 13. Nf1 Rfe8 14. Ng3 h6 15. Nh4 d5 16. Nhf5 Bf8 17. Qf3 dxe4 18. dxe4 Nh7 19. Qg4 Kh8 20. Nh5 g6 21. Nxh6 c4 22. Ng3 Bg7 23. h4 Qe7 24. Bg5 Nxg5 25. hxg5 Bxh6 26. gxh6 Kh7 27. Re3 Bc8 28. Qd1 Be6 29. Qf1 Rad8 30. Rae1 Rd2 31. R3e2 Red8 32. axb5 axb5 33. Bb1 Qg5 34. Bc2 Nb3 35. Rxd2 Qxd2 36. Rd1 Qg5 37. Rxd8 Qxd8 38. Bxb3 cxb3 39. Qxb5 Qg5 40. Nf1 Qf4 41. Qc5 Qxh6 42. Qe3 Qf8 43. Nd2 Qa8 44. Qd3 Qa1+ 45. Qb1 Qa4 46. Qc1 Bc4 47. Nxc4 Qxc4 48. Qe3 Qa6 49. Qd2 Qa1+ 50. Kh2 Qb1 51. Qd5 Qxb2 52. Qxf7+ Kh8 53. Qf8+ 1/2-1/2

[Event "CHN-chT Div-A"]
[Site "Fuling"]
[Date "2022.09.15"]
[Round "8.1"]
[White "Liu, Manli"]
[Black "Ni, Shiqun"]
[Result "1/2-1/2"]
[WhiteElo "2195"]
[BlackElo "2371"]
[PlyCount "63"]
[EventDate "2022.09.06"]
[EventType "team-tourn"]
[EventRounds "11"]
[EventCountry "CHN"]
[SourceTitle "CBM 210 Extra"]
[Source "ChessBase"]
[SourceDate "2022.11.30"]
[SourceVersion "1"]
[SourceVersionDate "2022.11.30"]
[SourceQuality "1"]
[WhiteTeam "Shandong"]
[BlackTeam "Shanghai"]
[WhiteTeamCountry "CHN"]
[BlackTeamCountry "CHN"]

1. e4 e5 2. Nf3 Nf6 3. Nc3 Nc6 4. d4 exd4 5. Nxd4 Bb4 6. Nxc6 bxc6 7. Bd3 d5 8. exd5 cxd5 9. 0-0 0-0 10. Bg5 c6 11. Qf3 Rb8 12. Ne2 Bg4 13. Bxf6 Bxf3 14. Bxd8 Bxe2 15. Bxe2 Rfxd8 16. a3 Be7 17. b4 c5 18. bxc5 Bxc5 19. a4 a5 20. Bd3 Bb4 21. g3 g6 22. f4 f5 23. Kf2 Kg7 24. Kf3 Re8 25. Rf2 Rbc8 26. Re2 Rxe2 27. Kxe2 Rc3 28. Kf3 Kf6 29. Ke2 Ke6 30. Kf3 Kf6 31. Ke2 Ke6 32. Kf3 1/2-1/2

[Event "CHN-chT Div-A Rapid"]
[Site "Fuling"]
[Date "2022.09.10"]
[Round "4.3"]
[White "Liu, Manli"]
[Black "Huang, Qian"]
[Result "1-0"]
[WhiteElo "2195"]
[BlackElo "2433"]
[PlyCount "75"]
[EventDate "2022.09.06"]
[EventType "team-tourn (rapid)"]
[EventRounds "11"]
[EventCountry "CHN"]
[SourceTitle "CBM 210 Extra"]
[Source "ChessBase"]
[SourceDate "2022.11.30"]
[SourceVersion "1"]
[SourceVersionDate "2022.11.30"]
[SourceQuality "1"]
[WhiteTeam "Shandong"]
[BlackTeam "Chongqing Ticai"]
[WhiteTeamCountry "CHN"]
[BlackTeamCountry "CHN"]

1. e4 d5 2. exd5 Qxd5 3. Nf3 Nf6 4. Be2 g6 5. d4 Bg7 6. 0-0 0-0 7. c4 Qd8 8. Nc3 e6 9. h3 Nc6 10. Be3 Ne7 11. Qd2 Nf5 12. Rad1 b6 13. Bf4 Bb7 14. Ne5 Qe7 15. g4 Nd6 16. Qe3 Nfe4 17. c5 Nxc3 18. bxc3 Ne8 19. c6 Bc8 20. c4 f6 21. Nf3 Nd6 22. c5 bxc5 23. dxc5 Nf7 24. Bc4 e5 25. Rfe1 Be6 26. Bb3 Bxb3 27. axb3 Qe8 28. Qe4 exf4 29. Qd5 Qb8 30. Re7 Qb4 31. Qe6 Kh8 32. Rdd7 Qxc5 33. Rxf7 Rxf7 34. Qxf7 Rg8 35. Rxc7 a5 36. Qd7 Qc3 37. Kg2 Qxb3 38. Rc8 1-0

[Event "CHN-chT Div-A Rapid"]
[Site "Fuling"]
[Date "2022.09.08"]
[Round "3.4"]
[White "Shao, Qiyu"]
[Black "Liu, Manli"]
[Result "0-1"]
[WhiteElo "1467"]
[BlackElo "2195"]
[PlyCount "104"]
[EventDate "2022.09.06"]
[EventType "team-tourn (rapid)"]
[EventRounds "11"]
[EventCountry "CHN"]
[SourceTitle "CBM 210 Extra"]
[Source "ChessBase"]
[SourceDate "2022.11.30"]
[SourceVersion "1"]
[SourceVersionDate "2022.11.30"]
[SourceQuality "1"]
[WhiteTeam "Qingdao"]
[BlackTeam "Shandong"]
[WhiteTeamCountry "CHN"]
[BlackTeamCountry "CHN"]

1. c4 e6 2. Nf3 d5 3. e3 Nf6 4. Nc3 Be7 5. b3 0-0 6. Bb2 b6 7. Be2 Bb7 8. Rc1 Nbd7 9. 0-0 c5 10. cxd5 Nxd5 11. Nxd5 Bxd5 12. d4 Rc8 13. Bc4 Bb7 14. Qe2 Bd6 15. e4 cxd4 16. Nxd4 Qh4 17. Nf3 Qe7 18. Rfd1 Rfd8 19. h3 Bb8 20. Ba6 Rxc1 21. Rxc1 Ba8 22. Bb5 h6 23. Bxd7 Qxd7 24. Qc2 Bb7 25. Qc3 f6 26. Qc2 Rc8 27. Qd2 Rd8 28. Qc2 Kf7 29. Qe2 Qd3 30. Qxd3 Rxd3 31. Re1 g5 32. Nh2 Rd2 33. Bc3 Rc2 34. Bb4 a5 35. Rd1 Bc6 36. Bd6 Bxd6 37. Rxd6 Rc1+ 38. Nf1 Ke7 39. Rd4 Bb5 40. Kh2 Rxf1 41. Rd2 Re1 42. f3 Re2 43. Rd1 Rxa2 44. Rb1 f5 45. exf5 exf5 46. h4 gxh4 47. Kh3 Kf6 48. Rd1 Kg5 49. Rd4 Bf1 50. f4+ Kh5 51. Rd6 Rxg2 52. Rd1 Rf2+ 0-1

[Event "CHN-chT Div-A Rapid"]
[Site "Fuling"]
[Date "2022.09.06"]
[Round "1.3"]
[White "Li, Xueyi"]
[Black "Liu, Manli"]
[Result "0-1"]
[WhiteElo "2280"]
[BlackElo "2195"]
[PlyCount "109"]
[EventDate "2022.09.06"]
[EventType "team-tourn (rapid)"]
[EventRounds "11"]
[EventCountry "CHN"]
[SourceTitle "CBM 210 Extra"]
[Source "ChessBase"]
[SourceDate "2022.11.30"]
[SourceVersion "1"]
[SourceVersionDate "2022.11.30"]
[SourceQuality "1"]
[WhiteTeam "Shenzhen"]
[BlackTeam "Shandong"]
[WhiteTeamCountry "CHN"]
[BlackTeamCountry "CHN"]

1. d4 e6 2. Nf3 d5 3. g3 Nf6 4. Bg2 Be7 5. 0-0 0-0 6. b3 b6 7. c4 Bb7 8. Ne5 Qc8 9. cxd5 Bxd5 10. Nf3 Rd8 11. Nc3 Bb7 12. Qc2 Nc6 13. Rd1 Nb4 14. Qb2 c5 15. dxc5 Rxd1+ 16. Nxd1 Bxc5 17. Be3 Nbd5 18. Bxc5 Qxc5 19. Rc1 Qe7 20. h3 h6 21. Rc4 Rd8 22. Qc1 b5 23. Rc2 Ne4 24. Ne3 b4 25. Nxd5 Bxd5 26. Rc7 Rd7 27. Rc8+ Rd8 28. Rc7 Qd6 29. Rxa7 Qb6 30. Qe3 Nc5 31. Re7 Kf8 32. Qe5 Kxe7 33. Qxg7 Ne4 34. e3 Qc5 35. Ne5 Qc1+ 36. Kh2 Ng5 37. Qxh6 Rg8 38. Bxd5 exd5 39. Nc6+ Kd7 40. Ne5+ Kc7 41. Qa6 Qc5 42. Qa4 Rd8 43. Nd3 Qb6 44. a3 bxa3 45. Qxa3 Ne4 46. Qe7+ Rd7 47. Qe5+ Qd6 48. Qd4 Qf6 49. Qa7+ Kd8 50. Qa8+ Ke7 51. Kg2 Qc3 52. Qa3+ Kf6 53. Nf4 Qd2 54. Qa1+ d4 55. Kh1 0-1

[Event "Speed Chess (Women) Q2"]
[Site "Chess.com INT"]
[Date "2022.05.26"]
[Round "4"]
[White "Danielian, Elina"]
[Black "Liu, Manli"]
[Result "1-0"]
[WhiteElo "2441"]
[BlackElo "2195"]
[PlyCount "63"]
[EventDate "2022.05.26"]
[EventType "swiss (blitz)"]
[EventRounds "14"]
[EventCountry "USA"]
[SourceTitle "CBM 208 Extra"]
[Source "ChessBase"]
[SourceDate "2022.07.31"]
[SourceVersion "1"]
[SourceVersionDate "2022.07.31"]
[SourceQuality "1"]

1. d4 Nf6 2. Bg5 d5 3. Bxf6 exf6 4. e3 Bd6 5. g3 c6 6. Bg2 0-0 7. Ne2 Re8 8. 0-0 Nd7 9. b3 b5 10. c4 bxc4 11. bxc4 Bb7 12. cxd5 cxd5 13. Nbc3 Nb6 14. a4 a5 15. Qb3 Bb4 16. Nf4 Bxc3 17. Qxc3 Rc8 18. Qxa5 Nc4 19. Qxd8 Rexd8 20. a5 Ra8 21. Rfb1 Ba6 22. Nxd5 Kf8 23. Nc7 Ra7 24. Nxa6 Rxa6 25. Bf1 Rc8 26. Rc1 Rac6 27. a6 Nb6 28. Rxc6 Rxc6 29. a7 Rc8 30. Bg2 Ke7 31. a8Q Nxa8 32. Bxa8 1-0

[Event "Speed Chess (Women) Q2"]
[Site "Chess.com INT"]
[Date "2022.05.26"]
[Round "1"]
[White "Divya, Deshmukh"]
[Black "Liu, Manli"]
[Result "1-0"]
[WhiteElo "2317"]
[BlackElo "2195"]
[PlyCount "21"]
[EventDate "2022.05.26"]
[EventType "swiss (blitz)"]
[EventRounds "14"]
[EventCountry "USA"]
[SourceTitle "CBM 208 Extra"]
[Source "ChessBase"]
[SourceDate "2022.07.31"]
[SourceVersion "1"]
[SourceVersionDate "2022.07.31"]
[SourceQuality "1"]

1. e4 c5 2. Nf3 e6 3. d4 cxd4 4. Nxd4 Nc6 5. Nc3 Qc7 6. g3 a6 7. Bg2 Nf6 8. 0-0 Nxd4 9. Qxd4 Bc5 10. Bf4 Bf8 11. Bxc7 1-0

[Event "Speed Chess (Women) Q2"]
[Site "Chess.com INT"]
[Date "2022.05.26"]
[Round "2"]
[White "Liu, Manli"]
[Black "Mirza, Diana"]
[Result "1-0"]
[WhiteElo "2195"]
[BlackElo "1906"]
[PlyCount "95"]
[EventDate "2022.05.26"]
[EventType "swiss (blitz)"]
[EventRounds "14"]
[EventCountry "USA"]
[SourceTitle "CBM 208 Extra"]
[Source "ChessBase"]
[SourceDate "2022.07.31"]
[SourceVersion "1"]
[SourceVersionDate "2022.07.31"]
[SourceQuality "1"]

1. e4 d5 2. exd5 Qxd5 3. Nc3 Qd8 4. d4 Nf6 5. Nf3 Bg4 6. Be2 e6 7. 0-0 Be7 8. Be3 0-0 9. h3 Bxf3 10. Bxf3 c6 11. Ne4 Nd5 12. Bd2 Nd7 13. c4 N5f6 14. Bc3 Nb6 15. b3 a5 16. a4 Nxe4 17. Bxe4 Bf6 18. Qd2 g6 19. Rad1 Bg7 20. Bxa5 Nxc4 21. Qc3 Qxa5 22. Qxc4 Rfd8 23. Rd3 Rd7 24. Rfd1 Rad8 25. Qc5 Qc7 26. g3 f5 27. Bg2 Kh8 28. Qc4 Qd6 29. b4 Qe7 30. Bf1 Qf6 31. b5 cxb5 32. axb5 h6 33. Bg2 b6 34. d5 e5 35. R3d2 e4 36. Qc6 Rd6 37. Qc4 Qe5 38. Kh2 g5 39. Qc7 R8d7 40. Qc8+ Kh7 41. Qc4 Qc3 42. Qxc3 Bxc3 43. Rc2 Ba5 44. g4 Rxd5 45. Rxd5 Rxd5 46. gxf5 Rxf5 47. Bxe4 Kg6 48. Rc6+ 1-0

[Event "Speed Chess (Women) Q1"]
[Site "Chess.com INT"]
[Date "2022.05.25"]
[Round "4"]
[White "Gu, Xiaobing"]
[Black "Liu, Manli"]
[Result "0-1"]
[WhiteElo "2219"]
[BlackElo "2195"]
[PlyCount "78"]
[EventDate "2022.05.24"]
[EventType "swiss (blitz)"]
[EventRounds "14"]
[EventCountry "USA"]
[SourceTitle "CBM 208 Extra"]
[Source "ChessBase"]
[SourceDate "2022.07.31"]
[SourceVersion "1"]
[SourceVersionDate "2022.07.31"]
[SourceQuality "1"]

1. e4 c5 2. Nc3 Nc6 3. Bb5 Nd4 4. Bc4 a6 5. a4 d6 6. Nge2 e5 7. Nxd4 cxd4 8. Nd5 Ne7 9. d3 Nxd5 10. Bxd5 Qe7 11. 0-0 Be6 12. f4 Bxd5 13. exd5 g6 14. Qf3 Bg7 15. b3 0-0 16. Ba3 Rad8 17. Rae1 f6 18. f5 b5 19. axb5 axb5 20. fxg6 hxg6 21. Qg3 Qf7 22. Re4 f5 23. Rh4 Rd7 24. Bc1 f4 25. Qh3 Rc7 26. g3 Rxc2 27. gxf4 Qxd5 28. f5 Rxf5 29. Rxf5 gxf5 30. Bh6 Qxb3 31. Qf1 Qf7 32. Bxg7 Qxg7+ 33. Kh1 Qg5 34. Rh3 Kf7 35. Rg3 Qh5 36. Rf3 f4 37. Rh3 Qg4 38. Rf3 Rd2 39. Rh3 Rd1 0-1